| 000 | 00873na a2200217 4500 | ||
|---|---|---|---|
| 001 | 21776 | ||
| 003 | MIRAKIL | ||
| 005 | 20181213155009.0 | ||
| 008 | 170207b tu 000 0 | ||
| 040 |
_aMilas _btur _cTR-AnCHP |
||
| 041 | _atur | ||
| 082 |
_a351.7222 _bK94i 2007 |
||
| 090 | _a351.7222 K94i 2007 | ||
| 110 | _aKültür ve Turizm Bakanlığı | ||
| 245 | _a2007 mali yılı genel ve katma bütçe kanun tasarıları ile 2005 mali yılı genel ve katma bütçe kesin hesap kanunu tasarılarının plan ve bütçe komisyonu görüşme tutanakları | ||
| 260 |
_a[Ankara] _b[yayl. y.] _c2006 |
||
| 300 |
_a84 s. _c23 sm. |
||
| 505 | _aKültür ve Turizm Bakanlığı, Devlet Opera ve Balesi Genel Müdürlüğü, Devlet Tiyatroları Genel Müdürlüğü | ||
| 610 |
_aKültür ve Turizm Bakanlığı _xBütçe Komisyonu _yTutanaklar, 2007 |
||
| 942 |
_2ddc _cBKS |
||
| 999 |
_c4528 _d4528 |
||